000 00676nam a2200205Ii 4500
003 JO-AjNU
008 230605s9999||||xx |||||||||||||| ||und||
040 _aJO-AjNU
_bara
_erda
_cJO-AjNU
041 _aara
050 1 4 _aDS79.76 2012
100 3 _aالآلوسي، سؤدد فؤاد,
_eauthor
_950149
245 0 0 _aالغزو الامريكي للعراق: حقائق وارقام
250 _aط1
264 3 1 _aد.م: دار المعتز، 2012
300 _a249ص
336 _atext
_btxt
_2rdacontent
337 _aunmediated
_bn
_2rdamedia
338 _avolume
_bnc
_2rdacarrier
650 4 _aالعراق- تاريخ- الاحتلال الامريكي، 2003
_950150
999 _aA22073
_c25641
_d25641